| 000 | 00490nam a22001697a 4500 | ||
|---|---|---|---|
| 005 | 20260414114947.0 | ||
| 008 | 260414b |||||||| |||| 00| 0 eng d | ||
| 020 | _a978-81-203-3919-4 | ||
| 050 | _aHF 5635 .B67 2010 V.1 | ||
| 100 | _aBOSE, D. CHANDRA | ||
| 245 | _aADVANCED ACCOUNTING. | ||
| 260 |
_aNEW DELHI, _bPHI LEARNING PRIVATE LIMITED, _c2010. |
||
| 300 | _aXIII, 710 P, ILL | ||
| 500 | _aINCLUDES INDEX | ||
| 650 | _a1. ACCOUNTING 2. FINANCIAL STATEMENTS. | ||
| 942 |
_2lcc _cBK |
||
| 999 |
_c216947 _d216947 |
||